Click The Roblox DOORS Items - Statistics

General Stats
  • This quiz has been taken 124 times
  • The average score is 8 of 9
Answer Stats
Hint Answer % Correct
Can be used against entities Crucifix
91%
Requires batteries Flashlight
91%
Unlocks a secret room Skeleton Key
90%
Boosts speed Vitamins
90%
Unlocks locked doors Lockpick
86%
Green rechargable flashlight Shakelight
85%
Obtainable at the end of the Rooms NVCS-3000
81%
Turns blue when an entity is near Candle
73%
Basic non-renewable light source Lighter
72%
No matching quizzes found
Score Distribution
Percent of People with Each Score
Percentile by Number Answered
Your Score History
You have not taken this quiz